[Event "WCPL"]
[White "Perrett, Dave C"]
[Black "Fowler, Hugo"]
[Site "Bridgend"]
[Round "2.2"]
[Board "1"]
[Annotator "Home"]
[Result "0-1"]
[Date "2025.02.02"]
[WhiteElo "1951"]
[BlackElo "1977"]
[PlyCount "62"]
[GameId "2140959166672613"]
[EventDate "2025.02.02"]
[EventType "team-tourn"]
[EventCountry "WLS"]
[WhiteTeam "The Full Ponty"]
[BlackTeam "North Cardiff"]

{[%evp 0,62,20,33,18,15,9,0,-48,-3,12,-11,-75,-37,-38,-22,-36,-35,-22,-23,1,4,30,47,41,-27,-22,4,1,-64,-19,-20,1,-94,-115,-122,-89,-119,-108,-124,-78,-77,-70,-99,-55,-20,-75,-42,-39,-51,-18,-1,-1,-51,-70,-46,-95,-25,-90,-120,-164,-289,-243,-280,-345]} 1. d4 d5 2. Nf3 Nf6 3. Bf4 c5 4. e3 Nc6 5. c3 Qb6 6. Qb3 c4 7. Qxb6 axb6 8. Ne5 b5 9. Be2 Bf5 10. Na3 b4 11. Nb5 Rc8 12. Nxc6 bxc6 13. Na7 Ra8 14. Nxc6 bxc3 15. bxc3 Ne4 16. g4 Bd7 17. Ne5 Nxc3 18. Bf3 Ra3 19. O-O Bb5 20. Rfb1 f6 21. Rxb5 Nxb5 22. Nxc4 dxc4 23. Bc6+ Kd8 24. Bxb5 g5 25. Bg3 c3 26. Rc1 e6 27. Bc4 Kd7 28. Bb3 Bb4 29. Kf1 Rc8 30. f3 c2 31. Be1 Rxb3 0-1

[Event "WCPL"]
[White "Szakmany, Bence"]
[Black "James, Dai"]
[Site "Bridgend"]
[Round "2.2"]
[Board "2"]
[Annotator "Home"]
[Result "1-0"]
[Date "2025.02.02"]
[WhiteElo "1949"]
[BlackElo "1893"]
[PlyCount "29"]
[GameId "2140960144436975"]
[EventDate "2025.02.02"]
[EventType "team-tourn"]
[EventCountry "WLS"]
[WhiteTeam "North Cardiff"]
[BlackTeam "The Full Ponty"]

{[%evp 0,29,11,21,-39,22,26,34,5,43,50,58,62,64,55,55,102,63,64,49,48,42,66,70,123,114,142,121,214,228,541,665]} 1. e4 e6 2. d4 d5 3. Nc3 dxe4 4. Nxe4 Bd7 5. Nf3 h6 6. Bd3 Nf6 7. O-O Bc6 8. Qe2 Nxe4 9. Bxe4 Bxe4 10. Qxe4 Nc6 11. c4 Qe7 12. Ne5 Nxe5 13. Qxb7 Qd8 14. dxe5 Bc5 15. Qc6+ 1-0

[Event "WCPL"]
[White "Thomas, Roy"]
[Black "Mcgregor, John"]
[Site "Bridgend"]
[Round "2.2"]
[Board "3"]
[Result "1-0"]
[Date "2025.02.02"]
[WhiteElo "1839"]
[BlackElo "1898"]
[PlyCount "104"]
[GameId "2140960768798457"]
[EventDate "2025.02.02"]
[EventType "team-tourn"]
[EventCountry "WLS"]
[WhiteTeam "The Full Ponty"]
[BlackTeam "North Cardiff"]

1. f4 d5 2. Nf3 Bg4 3. e3 Nf6 4. b3 e6 5. Bb2 Bd6 6. h3 Bxf3 7. Qxf3 O-O 8. g4 c6 9. g5 Ne8 10. Bd3 Nd7 11. Qh5 g6 12. Qh6 e5 13. h4 exf4 14. h5 Qe7 15. hxg6 fxg6 16. Bxg6 Rf7 17. Bxf7+ Qxf7 18. g6 Qxg6 19. Qxg6+ hxg6 20. exf4 Nef6 21. d3 Bxf4 22. Nd2 Re8+ 23. Kd1 Be5 24. Bxe5 Nxe5 25. Kc1 Kf7 26. Kb2 g5 27. Raf1 Kg6 28. Nf3 Nxf3 29. Rxf3 g4 30. Rg1 Re7 31. Kc3 Kg5 32. Kd2 Nh5 33. Re3 Rxe3 34. Kxe3 Ng7 35. Kf2 Nf5 36. Rh1 Kf4 37. Rh7 g3+ 38. Kg1 Nd4 39. Rxb7 Kf3 40. Rf7+ Ke3 41. Rxa7 Nxc2 42. a4 Kxd3 43. a5 Nd4 44. a6 c5 45. Rg7 Nb5 46. a7 Nxa7 47. Rxa7 Kc3 48. Rg7 d4 49. Rxg3+ d3 50. Kf1 Kc2 51. Rg5 d2 52. Rxc5+ Kxb3 1-0

[Event "WCPL"]
[White "McKenna, Josh"]
[Black "Harding, Gareth"]
[Site "Bridgend"]
[Round "2.2"]
[Board "4"]
[Result "1-0"]
[Date "2025.02.02"]
[WhiteElo "1721"]
[BlackElo "1809"]
[PlyCount "61"]
[GameId "2140962706960288"]
[EventDate "2025.02.02"]
[EventType "team-tourn"]
[EventCountry "WLS"]
[WhiteTeam "The Full Ponty"]
[BlackTeam "North Cardiff"]

1. e4 e6 2. d4 d5 3. Nc3 dxe4 4. Nxe4 Bd7 5. Nf3 Be7 6. Bd3 Bc6 7. O-O Nd7 8. c3 h6 9. Bf4 Ngf6 10. Ng3 Bxf3 11. Qxf3 Nd5 12. Bd2 c6 13. Nh5 Bf6 14. c4 N5b6 15. Nxf6+ Qxf6 16. Qg3 O-O-O 17. Be3 Rhe8 18. a4 Na8 19. a5 g5 20. b4 e5 21. d5 cxd5 22. cxd5 Nc7 23. Bxa7 Nxd5 24. Rfc1+ Nc7 25. b5 b6 26. axb6 Nxb6 27. Be4 Rd6 28. Bc6 e4 29. Bxe8 Kd8 30. Bxb6 Rxb6 31. Qxc7+ 1-0

[Event "WCPL"]
[White "Jeanes, Andrew"]
[Black "Choo Yin, Kam"]
[Site "Bridgend"]
[Round "2.2"]
[Board "5"]
[Annotator "Home"]
[Result "1/2-1/2"]
[Date "2025.02.02"]
[WhiteElo "1778"]
[BlackElo "1720"]
[PlyCount "61"]
[GameId "2140965142499342"]
[EventDate "2025.02.02"]
[EventType "team-tourn"]
[EventCountry "WLS"]
[WhiteTeam "The Full Ponty"]
[BlackTeam "North Cardiff"]

{[%evp 0,61,11,26,11,13,11,-12,16,-3,-3,-23,-31,-41,-37,-36,-56,-51,-37,-40,-34,-33,-15,-20,-15,-3,8,21,24,30,-138,8,24,28,48,17,61,28,32,43,-93,21,-36,60,82,-122,-68,30,41,1,76,10,-128,-32,-181,-50,-164,-36,-152,-15,-25,-19,-30,-24]} 1. c4 e5 2. Nc3 Nc6 3. e4 Nd4 4. d3 Bc5 5. Be3 Ne7 6. Nf3 d6 7. Bxd4 exd4 8. Nd5 c6 9. Nxe7 Qxe7 10. Be2 Bb4+ 11. Nd2 Qg5 12. g3 Bh3 13. a3 Bxd2+ 14. Qxd2 Qxd2+ 15. Kxd2 O-O 16. f3 Be6 17. Rhf1 Rac8 18. Rac1 Bh3 19. Rg1 Be6 20. Rgf1 d5 21. exd5 cxd5 22. c5 Rc6 23. Rc2 Re8 24. b4 a6 25. a4 Bd7 26. a5 Rce6 27. Re1 Bb5 28. Rcc1 Re3 29. f4 g6 30. Bf1 Kf8 31. Rxe3 1/2-1/2

[Event "WCPL"]
[White "Anandkumar, Goving"]
[Black "Sulemani, Yusuf"]
[Site "Bridgend"]
[Round "2.2"]
[Board "6"]
[Annotator "Home"]
[Result "1-0"]
[Date "2025.02.02"]
[WhiteElo "1654"]
[BlackElo "1789"]
[PlyCount "43"]
[GameId "2140966403407914"]
[EventDate "2025.02.02"]
[EventType "team-tourn"]
[EventCountry "WLS"]
[WhiteTeam "North Cardiff"]
[BlackTeam "The Full Ponty"]

1. e4 e5 2. Nf3 Nf6 3. Nxe5 Bb4 4. c3 Qe7 5. d4 Bd6 6. Nf3 Qxe4+ 7. Be2 O-O 8. O-O Bf4 9. Bd3 Bxc1 10. Bxe4 Bxb2 11. Nbd2 Bxa1 12. Qxa1 Nxe4 13. Nxe4 d5 14. Ng3 Nc6 15. Qb1 f5 16. Ne2 f4 17. Qb5 Rf5 18. Re1 a6 19. Qb3 b5 20. Nxf4 Na5 21. Qb4 Bb7 22. Qxa5 {Phone} 1-0

[Event "WCPL"]
[White "Phillips, Roy Jean Noel"]
[Black "Comacho Collados, Jose"]
[Site "Bridgend"]
[Round "2.3"]
[Board "1"]
[Result "0-1"]
[Date "2025.02.02"]
[WhiteElo "2176"]
[BlackElo "2345"]
[PlyCount "68"]
[GameId "2140967383347263"]
[EventDate "2025.02.02"]
[EventType "team-tourn"]
[EventCountry "WLS"]
[WhiteTeam "Morriston Argonauts"]
[BlackTeam "Rhyfelwyr Essyllwg"]

1. f4 Nf6 2. Nf3 g6 3. e3 Bg7 4. Be2 c5 5. O-O Nc6 6. d3 d6 7. e4 O-O 8. Qe1 b5 9. Qh4 e6 10. Nc3 b4 11. Nd1 a5 12. Ne3 Nh5 13. Qxd8 Rxd8 14. f5 exf5 15. exf5 d5 16. fxg6 hxg6 17. Bd1 Nf6 18. Ng5 Ne5 19. Bd2 d4 20. Nc4 Nxc4 21. dxc4 Bf5 22. g4 Nxg4 23. Bxg4 Bxg4 24. Nxf7 Re8 25. Rf2 Bh3 26. Nh6+ Bxh6 27. Bxh6 Re4 28. Rf3 Bf5 29. a3 Re2 30. axb4 cxb4 31. Rf2 Rxc2 32. Rxc2 Bxc2 33. Bd2 Be4 34. Bxb4 axb4 0-1

[Event "WCPL"]
[White "Kett, Timothy J"]
[Black "Musson, Adam J"]
[Site "Bridgend"]
[Round "2.3"]
[Board "3"]
[Annotator "Home"]
[Result "1-0"]
[Date "2025.02.02"]
[WhiteElo "2103"]
[BlackElo "2021"]
[PlyCount "71"]
[GameId "2140969212485911"]
[EventDate "2025.02.02"]
[EventType "team-tourn"]
[EventCountry "WLS"]
[WhiteTeam "Rhyfelwyr Essyllwg"]
[BlackTeam "Morriston Argonauts"]

{[%evp 0,71,11,22,-8,20,20,0,6,-18,-23,-6,-17,-8,18,14,7,-30,-99,-89,-17,-16,-30,-24,-51,-73,-61,-66,-83,-56,-15,13,-3,3,-159,-25,-132,-60,-65,-74,-68,-21,94,-5,-8,-6,-30,-7,10,28,46,58,117,12,-21,-14,353,360,413,398,606,570,890,410,408,297,411,332,449,492,598,586,29995,29996]} 1. e4 e5 2. Nf3 Nc6 3. Bc4 Nf6 4. d4 exd4 5. e5 d5 6. Bb5 Nd7 7. O-O Be7 8. c3 dxc3 9. Qxd5 Nb4 10. Qe4 c6 11. Bc4 Nb6 12. Bb3 cxb2 13. Bxb2 Qd3 14. Nc3 Bf5 15. Qf4 N6d5 16. Nxd5 Nxd5 17. Bxd5 cxd5 18. Rad1 Qe4 19. Qg3 O-O 20. e6 f6 21. Rfe1 Qb4 22. Nd4 Bg6 23. Bc3 Qb6 24. h4 Rfe8 25. Qg4 Rac8 26. Ba1 Rc4 27. h5 f5 28. Qf3 Bf6 29. hxg6 Bxd4 30. Qxf5 Bxf2+ 31. Qxf2 Qxf2+ 32. Kxf2 hxg6 33. Rxd5 Rc2+ 34. Kg3 Rxa2 35. Rd7 b5 36. Rxg7+ 1-0

[Event "WCPL"]
[White "Morris, Gareth L"]
[Black "Brown, Thomas"]
[Site "Bridgend"]
[Round "2.3"]
[Board "3"]
[Annotator "Home"]
[Result "1-0"]
[Date "2025.02.02"]
[WhiteElo "1956"]
[BlackElo "2148"]
[PlyCount "85"]
[GameId "2140970313916948"]
[EventDate "2025.02.02"]
[EventType "team-tourn"]
[EventCountry "WLS"]
[WhiteTeam "Morriston Argonauts"]
[BlackTeam "Rhyfelwyr Essyllwg"]

{[%evp 0,85,16,28,8,15,22,-12,31,33,40,34,59,5,26,15,18,22,41,27,26,38,39,-7,14,-1,42,47,44,52,70,67,48,20,58,66,83,70,76,73,169,141,208,153,119,220,139,173,106,137,159,168,180,163,180,199,213,186,268,139,219,151,-19,97,166,159,175,115,114,158,205,97,203,204,203,245,205,248,264,240,259,354,362,283,463,195,638,429]} 1. d4 d5 2. c4 dxc4 3. e4 Nf6 4. e5 Nd5 5. Bxc4 Bf5 6. a3 c6 7. Ne2 e6 8. O-O Be7 9. Nbc3 Nd7 10. Ng3 Bg6 11. Qe2 N7b6 12. Bb3 h5 13. h3 Qd7 14. Nge4 Nxc3 15. bxc3 O-O 16. Bb2 Qc7 17. c4 Rad8 18. Rad1 Nd7 19. Rfe1 b5 {(=)} 20. c5 Rfe8 21. Nd6 Bxd6 22. exd6 Qb7 23. f4 Nf6 24. g4 Qd7 25. Qf3 Nd5 26. Rd2 f6 27. Rde2 hxg4 28. hxg4 f5 29. Re5 Qf7 30. gxf5 Bxf5 31. R1e2 Qg6+ 32. Rg2 Qh6 33. Bc1 Kf7 34. Bd2 Rh8 35. Rxf5+ exf5 36. Bxd5+ cxd5 37. Qxd5+ Kf8 38. Qxf5+ Kg8 39. Qg5 Qxg5 40. Rxg5 Kf7 41. d5 Rh3 42. Ba5 Rd7 43. Bc7 1-0

[Event "WCPL"]
[White "Hewitt, William"]
[Black "Binks, Michael E"]
[Site "Bridgend"]
[Round "2.3"]
[Board "4"]
[Annotator "Home"]
[Result "1-0"]
[Date "2025.02.02"]
[WhiteElo "1979"]
[BlackElo "1946"]
[PlyCount "43"]
[GameId "2140972059726379"]
[EventDate "2025.02.02"]
[EventType "team-tourn"]
[EventCountry "WLS"]
[WhiteTeam "Rhyfelwyr Essyllwg"]
[BlackTeam "Morriston Argonauts"]

{[%evp 0,26,22,30,22,22,18,6,38,53,47,39,41,41,41,38,33,32,31,32,46,45,56,55,89,-43,171,201,223]} 1. e4 e5 2. Nf3 Nc6 3. Nc3 Bc5 4. Nxe5 Nxe5 5. d4 Bd6 6. dxe5 Bxe5 7. Bd3 Nf6 8. O-O d6 9. h3 (9. Ne2 Nd7 10. f4 Bf6 11. Ng3 $16) 9... c6 10. f4 Bd4+ 11. Kh1 h5 12. Qe1 (12. a4 {just to restrain ... b5}) 12... Qb6 13. Na4 Qc7 14. c3 Bb6 15. e5 dxe5 16. fxe5 Ng8 17. Qg3 f6 18. Bg6+ Kf8 19. Qh4 Ne7 (19... Qxe5 20. Re1 Ne7 21. Rxe5 Nxg6 22. Qb4+ c5 23. Rxc5 Bxc5 24. Nxc5) (19... Bd7 20. exf6 Nxf6 21. Rxf6+) (19... Qe7 20. Nxb6 axb6 21. Bg5 Ra5 22. exf6 Nxf6 23. Rxf6+ gxf6 24. Bxf6) 20. Rxf6+ Kg8 21. Bf7+ Kf8 22. Bxh5+ 1-0

[Event "WCPL"]
[White "Jones, Ian R"]
[Black "Van Kemenade, Rudy"]
[Site "Bridgend"]
[Round "2.3"]
[Board "5"]
[Result "1-0"]
[Date "2025.02.02"]
[WhiteElo "1956"]
[BlackElo "1932"]
[PlyCount "61"]
[GameId "2140972797862929"]
[EventDate "2025.02.02"]
[EventType "team-tourn"]
[EventCountry "WLS"]
[WhiteTeam "Morriston Argonauts"]
[BlackTeam "Rhyfelwyr Essyllwg"]

1. e4 d6 2. d4 Nf6 3. Bd3 e5 4. c3 d5 5. dxe5 Nxe4 6. Nd2 Nc5 7. Bc2 Nc6 8. Ngf3 Bg4 9. h3 Bh5 10. g4 Bg6 11. Nb3 Ne4 12. Qe2 Be7 13. Be3 Qd7 14. O-O-O O-O-O 15. Nbd4 h5 16. Nxc6 Qxc6 17. Nd4 Qd7 18. Rhg1 hxg4 19. hxg4 c5 20. Nf5 Bxf5 21. gxf5 Qxf5 22. f3 Qxe5 23. fxe4 dxe4 24. Qg4+ f5 25. Qxg7 Rxd1+ 26. Kxd1 Bf6 27. Qg3 Qd5+ 28. Kc1 Qxa2 29. Qd6 Bd8 30. Qxc5+ Kb8 31. Qe5+ 1-0

[Event "WCPL"]
[White "MacNeil, Elliott"]
[Black "Gibbons, Andrew D"]
[Site "Bridgend"]
[Round "2.3"]
[Board "6"]
[Annotator "Home"]
[Result "1/2-1/2"]
[Date "2025.02.02"]
[WhiteElo "1878"]
[BlackElo "1939"]
[PlyCount "105"]
[GameId "2140974135186935"]
[EventDate "2025.02.02"]
[EventType "team-tourn"]
[EventCountry "WLS"]
[WhiteTeam "Rnyfelwyr Essyllwg"]
[BlackTeam "Morriston Argonauts"]

{[%evp 0,91,11,23,18,8,19,13,38,21,33,34,39,46,39,45,51,49,40,47,34,51,49,37,45,0,22,4,29,52,41,-27,-95,-9,11,1,-33,-46,-4,-48,31,19,-28,37,8,28,38,138,62,62,55,55,55,50,46,5,141,83,43,61,59,42,160,28,-32,-72,-62,-411,-492,-426,-355,-184,-331,-376,-367,-279,-382,-387,-443,-456,-452,-453,-453,-455,-453,-455,-476,-452,-455,-455,-574,-574,-576,-481]} 1. d4 Nf6 2. c4 e6 3. Nf3 Bb4+ 4. Bd2 a5 5. a3 Bxd2+ 6. Qxd2 d6 7. Nc3 Qe7 8. g3 O-O 9. Bg2 c6 10. O-O e5 11. e4 Bg4 12. b4 axb4 13. axb4 Rxa1 14. Rxa1 Re8 15. d5 cxd5 16. cxd5 Na6 17. Rb1 Rc8 18. h3 Bxf3 19. Bxf3 h6 20. Qd3 Qc7 21. Nb5 Qb6 22. Kg2 Ra8 23. Qc4 g6 24. Be2 Ne8 25. Rc1 Kf8 {(=)} 26. Rc3 Rd8 27. f4 f6 28. fxe5 fxe5 29. Bg4 Kg7 30. Be6 Ra8 31. g4 Nxb4 32. Rf3 Ra2+ 33. Qxa2 Nxa2 34. Rf7+ Kh8 35. Rf8+ Kg7 36. Rf7+ Kh8 37. Rf8+ Kh7 38. Rf7+ Ng7 39. Nc7 Qb2+ 40. Kg1 Qb1+ 41. Kh2 Qc2+ 42. Kg1 Qd1+ 43. Kh2 Qe2+ 44. Kg1 Qe3+ 45. Kh2 Qe2+ 46. Kg1 Qd1+ 47. Kh2 Qa4 48. Rd7 Nc3 49. Ne8 Qc2+ 50. Kg1 Ne2+ 51. Kf1 Ng3+ 52. Kg1 Ne2+ 53. Kf1 1/2-1/2

[Event "WCPL U1850 Morriston - N Cardiff"]
[White "Stuart, Neil"]
[Black "Anandkumar, Govind"]
[Site "?"]
[Round "2.1"]
[Result "1/2-1/2"]
[Date "2025.01.05"]
[WhiteElo "1832"]
[BlackElo "1620"]
[PlyCount "35"]
[GameId "2141609278506996"]
[EventDate "2025.??.??"]

1. Nf3 Nf6 2. c4 g6 3. Nc3 Bg7 4. g3 d6 5. Bg2 O-O 6. O-O e5 7. d4 Nc6 8. d5 Ne7 9. e4 a5 10. Rb1 Nd7 11. a3 f5 12. Ng5 Nf6 13. b4 h6 14. Ne6 Bxe6 15. dxe6 axb4 16. axb4 Rb8 17. Qc2 Qc8 18. Nd5 1/2-1/2

[Event "WCPL U1850 Morriston - N Cardiff"]
[White "Belochkin, David"]
[Black "Beeston, Darson"]
[Site "?"]
[Round "2.2"]
[Result "1-0"]
[Date "2025.01.05"]
[WhiteElo "1459"]
[BlackElo "1843"]
[PlyCount "139"]
[GameId "2141609278511093"]
[EventDate "2025.??.??"]

1. d4 d5 2. Nf3 Nf6 3. Bf4 c5 4. c3 Nc6 5. e3 Qb6 6. Qc2 g6 7. Nbd2 Bf5 8. Qb3 c4 9. Qxb6 axb6 10. g3 Bg7 11. Bg2 O-O 12. O-O Rfc8 13. Rfe1 Nh5 14. e4 Nxf4 15. exf5 Nxg2 16. Kxg2 gxf5 17. Re2 Kf8 18. Nf1 e6 19. N1d2 b5 20. a3 b4 21. Ree1 bxa3 22. bxa3 Ra7 23. Ra2 Rca8 24. Nb1 Na5 25. Rb2 Ke8 26. Rb5 Kd7 27. Ng5 Kc6 28. Rc5+ Kd7 29. Nxf7 Nb3 30. Rb5 Kc6 31. Rb4 Bf8 32. Rxe6+ Kd7 33. Rbb6 Bxa3 34. Nxa3 Rxa3 35. Rbd6+ Kc7 36. Rxd5 Nd2 37. Rc5+ Kd7 38. Re2 Ne4 39. Rxc4 Rxc3 40. Ne5+ Kd6 41. Rxc3 Nxc3 42. Rc2 Nd5 43. Rb2 Rb8 44. Nc4+ Ke7 45. Rb5 Nc3 46. Re5+ Kd7 47. Nb6+ Kd6 48. Rxf5 Ne2 49. d5 Nd4 50. Rh5 Nb5 51. Rxh7 Nc7 52. Rd7+ Kc5 53. Na4+ Kb4 54. Rxc7 Kxa4 55. d6 b5 56. Ra7+ Kb3 57. Kf3 Kc4 58. Ke4 b4 59. Rc7+ Kb5 60. d7 Rd8 61. Ke5 Kb6 62. Kd6 b3 63. Rc8 b2 64. Rxd8 Kb7 65. Rb8+ Kxb8 66. d8=Q+ Ka7 67. Qa5+ Kb8 68. Qb6+ Ka8 69. Kc7 b1=Q 70. Qa6# 1-0

[Event "WCPL U1850 Morriston - N Cardiff"]
[White "Smith, Andrew"]
[Black "Popov, Constantine"]
[Site "?"]
[Round "2.3"]
[Result "1-0"]
[Date "2025.01.05"]
[WhiteElo "1779"]
[BlackElo "1368"]
[PlyCount "71"]
[GameId "2141609278511094"]
[EventDate "2025.??.??"]

1. e4 g6 2. d4 Bg7 3. Nf3 c5 4. Nc3 Nc6 5. Be3 Nf6 6. Bc4 O-O 7. h3 a6 8. dxc5 d6 9. cxd6 Qxd6 10. Qxd6 exd6 11. O-O b5 12. Bd3 Be6 13. a3 d5 14. Nd4 Nxd4 15. Bxd4 dxe4 16. Nxe4 Nxe4 17. Bxg7 Kxg7 18. Bxe4 Ra7 19. Rad1 f5 20. Bd5 Bxd5 21. Rxd5 Kg8 22. Re1 Rc7 23. c3 Rb7 24. Ree5 Rfb8 25. Re6 a5 26. Ra6 b4 27. Rdxa5 bxc3 28. bxc3 Rc7 29. Ra8 Rxa8 30. Rxa8+ Kg7 31. a4 Rxc3 32. a5 Ra3 33. a6 Kh6 34. a7 Kg5 35. g3 h5 36. f4+ 1-0

[Event "WCPL U1850 Castell Nedd - Full Ponty"]
[White "Griffiths, Hywel"]
[Black "Esteves, Sergio"]
[Site "?"]
[Round "2.1"]
[Result "0-1"]
[Date "2025.01.05"]
[WhiteElo "1834"]
[BlackElo "1829"]
[PlyCount "74"]
[GameId "2141609278515192"]
[EventDate "2025.??.??"]

1. e4 e6 2. d4 d5 3. Nd2 c5 4. c3 Nc6 5. Ne2 cxd4 6. cxd4 dxe4 7. Nxe4 Nf6 8. Nxf6+ Qxf6 9. Be3 Bb4+ 10. Nc3 O-O 11. Qa4 Nxd4 12. O-O-O Bxc3 13. Bxd4 Bxd4 14. Qxd4 e5 15. Qe3 Bf5 16. Bd3 Bxd3 17. Rxd3 Qc6+ 18. Kb1 Qxg2 19. Rdd1 Qg6+ 20. Ka1 Qf5 21. Rhg1 Qf4 22. Qe2 Rac8 23. a3 Rfd8 24. Rde1 Rc5 25. Rg4 Rc1+ 26. Rxc1 Qxc1+ 27. Ka2 f6 28. Qf3 Qc6 29. Qg3 g6 30. h4 f5 31. Rg5 Qc4+ 32. Qb3 Qxb3+ 33. Kxb3 Rd3+ 34. Kc2 Rd4 35. h5 Rg4 36. Rxg4 fxg4 37. hxg6 h5 0-1

[Event "WCPL U1850 Castell Nedd - Full Ponty"]
[White "Jones, Gavin"]
[Black "Westcott, Dale"]
[Site "?"]
[Round "2.2"]
[Result "0-1"]
[Date "2025.01.05"]
[WhiteElo "1764"]
[BlackElo "1768"]
[PlyCount "100"]
[GameId "2141609278515193"]
[EventDate "2025.??.??"]

1. e4 c5 2. Nc3 Nc6 3. g3 g6 4. Bg2 Bg7 5. d3 Nf6 6. Nge2 d6 7. f4 Qb6 8. Rb1 O-O 9. h3 Bd7 10. O-O Rad8 11. Be3 Nd4 12. Qd2 a6 13. Nd5 Nxd5 14. exd5 Nf5 15. Bf2 Rc8 16. c3 e6 17. Kh2 Rfe8 18. b4 exd5 19. bxc5 Qc7 20. cxd6 Nxd6 21. Bb6 Qc6 22. c4 Qa4 23. Bxd5 Be6 24. Bxe6 Rxe6 25. Rf2 Rce8 26. Nd4 R6e7 27. Re2 Rxe2+ 28. Nxe2 Nf5 29. Bf2 Qc6 30. g4 Nd6 31. Re1 Qd7 32. Nd4 Rxe1 33. Qxe1 Qa4 34. Qe2 h6 35. Kg3 h5 36. Qc2 Qd7 37. Nf3 hxg4 38. hxg4 Qc6 39. Bd4 Bxd4 40. Nxd4 Qh1 41. Nf3 f5 42. Qe2 fxg4 43. Qe6+ Kg7 44. Qxg4 Nf5+ 45. Kf2 Qc1 46. Ne5 Qd2+ 47. Kf3 Qd1+ 48. Ke4 Qe1+ 49. Kf3 Nh4+ 50. Qxh4 Qxh4 0-1

[Event "WCPL U1850 Castell Nedd - Full Ponty"]
[White "Beck, Anthony"]
[Black "Sulemani, Yusuf"]
[Site "?"]
[Round "2.3"]
[Result "0-1"]
[Date "2025.01.05"]
[WhiteElo "1732"]
[BlackElo "1789"]
[PlyCount "78"]
[GameId "2141609278515194"]
[EventDate "2025.??.??"]

1. d4 d5 2. e3 Nf6 3. Bd3 Bg4 4. Nf3 Nbd7 5. h3 Bh5 6. g4 Bg6 7. c4 e6 8. Nc3 c5 9. Bxg6 hxg6 10. Qa4 Nxg4 11. cxd5 exd5 12. Nxd5 Ngf6 13. Nc3 a6 14. Qb3 b5 15. Bd2 c4 16. Qc2 Nb6 17. Ne4 Qd5 18. Nfg5 Rh4 19. f4 Nxe4 20. Qxe4+ Qxe4 21. Nxe4 Be7 22. Ke2 Nd5 23. a3 f5 24. Nc3 Nxc3+ 25. Bxc3 Kf7 26. Kf3 Rah8 27. Kg2 g5 28. Be1 R4h5 29. Bg3 gxf4 30. Bxf4 g5 31. Be5 R8h6 32. Raf1 Ke6 33. Bc7 g4 34. hxg4 Rxh1 35. Rxh1 Rxh1 36. Kxh1 fxg4 37. Kg2 Kd5 38. Kg3 Ke4 39. Bf4 Bxa3 0-1

[Event "WCPL U1850 Castell Nedd - Full Ponty"]
[White "Stephens, Kevin"]
[Black "Heatman, Jordan"]
[Site "?"]
[Round "2.4"]
[Result "1-0"]
[Date "2025.01.05"]
[WhiteElo "1705"]
[BlackElo "1812"]
[PlyCount "43"]
[GameId "2141609278519291"]
[EventDate "2025.??.??"]

1. e4 c5 2. Nf3 Nc6 3. Bb5 e6 4. c4 Nge7 5. d4 cxd4 6. Nxd4 d5 7. exd5 exd5 8. O-O Bd7 9. Re1 Nxd4 10. Bxd7+ Kxd7 11. Qxd4 Kc8 12. Bf4 g5 13. Qxh8 Ng6 14. Qxh7 Nxf4 15. Qxf7 dxc4 16. Nc3 Bd6 17. Qxc4+ Kd7 18. Qb5+ Kc7 19. Rad1 Qg8 20. Re7+ Bxe7 21. Rd7+ Kc8 22. Qxb7# 1-0

[Event "WCPL U1850 Cardiff T - White Knights"]
[White "Wagner, Guy"]
[Black "Prabhu, Vismith"]
[Site "?"]
[Round "2.1"]
[Result "0-1"]
[Date "2025.01.05"]
[WhiteElo "1829"]
[BlackElo "1731"]
[PlyCount "100"]
[GameId "2141609278519292"]
[EventDate "2025.??.??"]

1. Nf3 f5 2. c4 Nf6 3. g3 d6 4. Bg2 e5 5. Nc3 Be7 6. d4 Nc6 7. dxe5 dxe5 8. Qa4 O-O 9. O-O Qe8 10. Nd5 Bd8 11. Rd1 Nd4 12. Qa5 Nxf3+ 13. Bxf3 c6 14. Nxf6+ Bxf6 15. Bd2 e4 16. Bg2 Bxb2 17. Rab1 Bf6 18. Bf4 Rf7 19. Qb4 Be6 20. a4 Rd8 21. a5 g5 22. Be3 a6 23. Bb6 Rfd7 24. Rxd7 Rxd7 25. f3 Qh5 26. fxe4 Qxe2 27. exf5 Rd1+ 28. Rxd1 Qxd1+ 29. Kf2 Bxf5 30. Qe1 Bd4+ 31. Bxd4 Qxd4+ 32. Qe3 Qb2+ 33. Kf3 Qf6 34. Qe8+ Kg7 35. Ke3 Qc3+ 36. Kf2 Qf6 37. Ke3 Qc3+ 38. Kf2 Qd2+ 39. Qe2 Qd4+ 40. Qe3 Qb2+ 41. Kf3 Qf6 42. Ke2 Bg4+ 43. Ke1 Qa1+ 44. Kf2 Qf6+ 45. Ke1 h5 46. Be4 Qa1+ 47. Kf2 Qxa5 48. Qd4+ Kf7 49. c5 Qa2+ 50. Ke1 Qe2# 0-1

[Event "WCPL U1850 Cardiff T - White Knights"]
[White "Billington, Matthew"]
[Black "Quinn, Peter"]
[Site "?"]
[Round "2.2"]
[Result "0-1"]
[Date "2025.01.05"]
[WhiteElo "1766"]
[BlackElo "1786"]
[PlyCount "60"]
[GameId "2141609278519293"]
[EventDate "2025.??.??"]

1. e4 Nf6 2. e5 Nd5 3. c4 Nb6 4. d4 d6 5. exd6 cxd6 6. Nc3 g6 7. h3 Bg7 8. Nf3 O-O 9. Be2 Nc6 10. Be3 Bf5 11. Nh4 Bd7 12. Nf3 e5 13. d5 Ne7 14. Qd2 Nf5 15. O-O Rc8 16. b3 Nxe3 17. Qxe3 f5 18. a4 f4 19. Qd2 Bf5 20. Rac1 a6 21. Bd3 Qe7 22. Bxf5 gxf5 23. Rfe1 Qf6 24. Kh1 e4 25. Nxe4 fxe4 26. Rxe4 Qb2 27. Qe1 Nxd5 28. Qd1 Nc3 29. Rxc3 Qxc3 30. Qd5+ Kh8 0-1

[Event "WCPL U1850 Cardiff T - White Knights"]
[White "Graczyk, Piotr"]
[Black "Daniel, Christopher"]
[Site "?"]
[Round "2.3"]
[Result "1/2-1/2"]
[Date "2025.01.05"]
[WhiteElo "1832"]
[BlackElo "1791"]
[PlyCount "84"]
[GameId "2141609278519294"]
[EventDate "2025.??.??"]

1. f4 d6 2. Nf3 Nf6 3. e3 c5 4. Nc3 g6 5. b3 Bg7 6. Bb2 b6 7. d4 cxd4 8. Nxd4 Bb7 9. Bb5+ Nfd7 10. Qd2 a6 11. Bc4 Nc5 12. O-O-O b5 13. Bd5 Bxd5 14. Nxd5 Ne4 15. Qe2 e6 16. Nc3 Nxc3 17. Bxc3 Qc7 18. Qd3 Nd7 19. Nxe6 Qxc3 20. Nxg7+ Qxg7 21. Qxd6 Qa1+ 22. Kd2 Qf6 23. Ke2 Qxd6 24. Rxd6 Ke7 25. Rhd1 Rhd8 26. Rc6 Rdc8 27. Rdd6 Nc5 28. Rb6 Nb7 29. Rd2 Rc7 30. c4 bxc4 31. bxc4 Nc5 32. Kf3 Rd7 33. Rd5 Rc8 34. Rb4 h5 35. h3 Rc6 36. e4 Nd3 37. Rb3 Nc1 38. Ra3 Rxc4 39. Rda5 Rc6 40. g4 Rd3+ 41. Rxd3 Nxd3 42. gxh5 gxh5 1/2-1/2

[Event "WCPL U1850 Cardiff T - White Knights"]
[White "Evans, James"]
[Black "Harle, Bill"]
[Site "?"]
[Round "2.4"]
[Result "0-1"]
[Date "2025.01.05"]
[WhiteElo "1720"]
[BlackElo "1817"]
[PlyCount "106"]
[GameId "2141609278523391"]
[EventDate "2025.??.??"]

1. e4 e5 2. Nc3 Nf6 3. f4 Nc6 4. fxe5 Nxe5 5. d4 Ng6 6. e5 Ng8 7. Nf3 Bb4 8. Bc4 h6 9. O-O N8e7 10. Bxf7+ Kxf7 11. Ng5+ Kg8 12. Nf7 Qe8 13. Nxh8 Kxh8 14. Qd3 d6 15. exd6 Bxd6 16. Nb5 Qc6 17. Nxd6 Qxd6 18. c3 Bd7 19. Be3 Re8 20. Rf2 Ne5 21. Qe2 Ng4 22. Bf4 Qg6 23. Rff1 Nd5 24. Qd2 Nxf4 25. Qxf4 Ne3 26. Rf2 Bc6 27. g3 Nd5 28. Qd2 Nf6 29. Raf1 Qe4 30. Rf3 Kh7 31. h3 Bb5 32. R1f2 Qb1+ 33. Kh2 Ne4 34. Qc2 Qxa2 35. Re3 Qe6 36. b3 Qg6 37. Rff3 Ng5 38. Qxg6+ Kxg6 39. Rxe8 Nxf3+ 40. Kg2 Bxe8 41. Kxf3 Bc6+ 42. Kf4 Kf6 43. h4 g5+ 44. hxg5+ hxg5+ 45. Ke3 Kf5 46. c4 Be4 47. d5 Bc2 48. b4 Bb3 49. Kd4 Kg4 50. c5 Kxg3 51. d6 cxd6 52. cxd6 Be6 53. Ke4 g4 0-1